000 01206cam a2200325 i 4500
001 26773
003 Mx-PuUPA
005 20250507111849.0
008 140415s2016 mx gr 000 0 spa d
020 _a9786079710538
040 _aMx-PuUPA
_bspa
_cMx-PuUPA
_dMx-PuUPA
_erda
041 0 _aspa
245 0 0 _a¿Cuándo terminó de joderse México? :
_bel legado del Partido Acción Nacional /
_cCésar Cansino, Germán Molina Carrillo, coordinadores
250 _aPrimera edición
264 1 _aPuebla, Pue. :
_bInstituto de Ciencias Jurídicas de Puebla : Grupo Editorial Mariel,
_c2016
300 _a297 páginas ;
_c23 cm
336 _2rdacontent
_atexto
_btxt
337 _2rdamedia
_asin medio
_bn
338 _2rdacarrier
_avolumen
_bnc
490 0 _aColección Estudios Mexicanos
610 4 _aPartido Acción Nacional
650 7 _2armarc
_aPartidos políticos
_zMéxico
700 1 _aCansino, César,
_ecoordinador
700 1 _aMolina Carrillo, Germán,
_ecoordinador
942 _2ddc
_cLI
_h320.9720905
_iC96
999 _c26773
_d26773